LITTLE THINGS ABOUT GREAT PEOPLE (Record no. 21821)
[ view plain ]
| 000 -LEADER | |
|---|---|
| fixed length control field | 00261nam a22001217a 4500 |
| 003 - CONTROL NUMBER IDENTIFIER | |
| control field | SGT |
| 082 ## - DEWEY DECIMAL CLASSIFICATION NUMBER | |
| Item number | VAS |
| 100 ## - MAIN ENTRY--PERSONAL NAME | |
| Personal name | VAS, GRATIAN |
| 245 ## - TITLE STATEMENT | |
| Title | LITTLE THINGS ABOUT GREAT PEOPLE |
| 260 ## - PUBLICATION, DISTRIBUTION, ETC. (IMPRINT) | |
| Place of publication, distribution, etc | INDIA |
| Name of publisher, distributor, etc | NOTION PUB. |
| Year of Publication | 2012 |
| 300 ## - PAGE DESCRIPTION | |
| No. of Pages | 262 |
| 942 ## - ADDED ENTRY ELEMENTS (KOHA) | |
| Source of classification or shelving scheme | Dewey Decimal Classification |
| Koha item type | Books |
| 942 ## - ADDED ENTRY ELEMENTS (KOHA) | |
| -- | 2 |
| Withdrawn status | Lost status | Source of classification or shelving scheme | Damaged status | Not for loan | Collection code | Home library | Current library | Date acquired | SGTU | Total Checkouts | Full call number | Accession No. (Barcode) | Date last seen | Date last borrowed | Bill Date | Koha item type |
|---|---|---|---|---|---|---|---|---|---|---|---|---|---|---|---|---|
| Dewey Decimal Classification | MASS COMMUNICATION | SGT Science & Social Sciences Library | SGT Science & Social Sciences Library | 09/09/2021 | SGTU | 2 | VAS | MC793 | 17/10/2022 | 04/10/2022 | 09/09/2021 | Books |